000 00608nam a2200193Ia 4500
003 GCL
008 140319s9999 xx 000 0 ara d
020 _a866081977
040 _aGCL /
_cGCL
082 0 4 _a810.8035
_bر ش
100 1 _aرجاء النقاش
245 1 0 _aشخصيات وتجارب /
_cرجاء النقاش
260 _aالقاهرة :
_bأطلس للنشر والانتاج الاعلامى ،
_c2004
300 _a288 ص ؛
_c24 سم
650 0 4 _aالادب العربى
650 0 4 _aالمقالات العربية
650 0 4 _aالشخصية فى الادب
942 _2ddc
_cBK
999 _c9384
_d9384